Rastlinná výroba

Bibliographic Details
Main Authors: Černý, Ivan, 1964- (Author), Molnárová, Juliana, 1948- (Author), Pačuta, Vladimír, 1956- (Author), Pospišil, Richard, 1954- (Author)
Format: Book
Language:Slovak
PhysicalDescription:159 s. ilustr., tab. 29 cm
Published: Nitra Slovenská poľnohospodárska univerzita 2011
ISBN:9788055205755
Edition:1. vyd.
Subjects:

MARC

LEADER 00000cam a2200000 a 4500
001 vtls010287670
003 SK-MaSNL
005 20260302011821.0
008 180809s2011 xo al d p 000 0 slo
015 |a SNBA2011/08-04522 
020 |a 9788055205755  |q (brož.) 
035 |a 71C9CDE2-90CE-425D-A404-5EA7F46EB963 
035 |a urn:nbn:sk:snk-amjxhx 
035 |a urn:nbn:sk:snk-am0085zx 
040 |a SNK  |b slo  |c SNK  |e AACR2 
041 0 |a slo 
044 |a xo  |c SK 
072 7 |a 633  |x Rastlinná výroba  |2 konspekt 
080 |a 633  |2 2001 
080 |a (075.8)  |2 2001 
245 0 0 |a Rastlinná výroba  |c Ivan Černý ... [et al.] 
250 |a 1. vyd. 
260 |a Nitra  |b Slovenská poľnohospodárska univerzita  |c 2011 
300 |a 159 s.  |b ilustr., tab.  |c 29 cm 
366 |e 300 výt. 
504 |a Bibliogr. s. 154-155 
650 0 7 |a rastlinná výroba  |2 SNKPH  |9 2835 
650 0 7 |a Crop production  |2 SNKPHeng  |9 268288 
655 7 |a učebnice vysokých škôl  |2 SNKPH  |9 70191 
655 7 |a Textbooks (higher)  |2 SNKPHeng  |9 276436 
700 1 |a Černý, Ivan,  |d 1964-  |4 aut  |9 188616 
700 1 |a Molnárová, Juliana,  |d 1948-  |4 aut  |9 8629 
700 1 |a Pačuta, Vladimír,  |d 1956-  |4 aut  |9 199158 
700 1 |a Pospišil, Richard,  |d 1954-  |4 aut  |9 7530 
710 2 |a Slovenská poľnohospodárska univerzita v Nitre.  |b Fakulta agrobiológie a potravinových zdrojov.  |b Katedra rastlinnej výroby  |4 pbl  |9 124554 
852 |a Štátna vedecká knižnica v Banskej Bystrici 
919 |a 978-80-552-0575-5 
958 |a NB 
968 |d 63 
999 |c 1007496  |d 1009426 
952 |a SNK  |b SNK  |y PREZ  |7 0  |p 17A0705394  |o snkSB 81668  |i snk2011/14255  |8 0  |0 0  |1 0  |4 0  |d 2011-06-22  |f 1  |l 0  |r 2025-05-05 00:00:00  |w 2026-02-24 
952 |a SNK  |b SNK  |y VYP  |7 0  |p 17A0705393  |o snkSB 81668 D1  |i snk2011/14256  |8 0  |3 Poškodená!  |0 0  |1 0  |4 0  |d 2011-06-22  |l 0  |r 2016-06-30 00:00:00  |w 2026-02-24